000 00618nam a2200205 4500
001 136681
003 ES-MaACL
005 20230906195212.0
007 t|
008 070214s1945 sp r ||||1| spa d
100 1 _aSala Ginabreda, José María.
_9101665
245 1 0 _aTuberculosis pulmonar infantil /
_cpor el Dr. José Mª Sala Ginabreda.
250 _a1ª ed.
260 _aBarcelona :
_bSalvat,
_c1945.
300 _a237 p. :
_bil. ;
_c23 cm.
490 1 _aManuales de Medicina práctica
830 0 _aManuales de Medicina práctica
_9181070
852 _aES-MaACL
_jE-612
_bR.21556
999 _c136681
_d136681